Normal view
MARC view
Entry Personal Name
001 - CONTROL NUMBER
- control field: 16947
003 - CONTROL NUMBER IDENTIFIER
- control field: OSt
005 - DATE AND TIME OF LATEST TRANSACTION
- control field: 20240408114539.0
008 - FIXED-LENGTH DATA ELEMENTS
- fixed length control field: 240408|| aca||aabn | a|a d
040 ## - CATALOGING SOURCE
- Original cataloging agency: OSt
- Transcribing agency: OSt
100 ## - HEADING--PERSONAL NAME
- Personal name: Ciciora, Walter; David Large
670 ## - SOURCE DATA FOUND
- Source citation: Work cat.: (OSt)5111: Ciciora, Walter; David Large, Modern Cable Television Technology Video, Voice, and Data Communications, 2004
